Okrugs of the Kingdom of Serbia in 1914 on a Map - Statistics

General Stats
  • This quiz has been taken 60 times
  • The average score is 12 of 29
Answers on the Map
Answers color-coded by a green-red scale on the quiz's map according to % correct below.
 
Answer Stats
Okrugs % Correct
Belgrade
95%
Skopje
92%
Niš
87%
Priština
76%
Ohrid
66%
Bitola
63%
Prizren
55%
Kragujevac
53%
Kumanovo
50%
Novi Pazar
50%
Pirot
50%
Tetovo
45%
Smederevo
39%
Čačak
37%
Štip
37%
Vranje
37%
Kruševac
32%
Užice
26%
Valjevo
24%
Požarevac
21%
Kavadarci
18%
Morava
18%
Toplica
16%
Podrinje
13%
Prijepolje
13%
Timok
13%
Rudnik
11%
Krajina
8%
Zvečan
8%
No matching quizzes found
Score Distribution
Percent of People with Each Score
Percentile by Number Answered
Your Score History
You have not taken this quiz